[Event "Logumkloster op"]
[Site "Logumkloster"]
[Date "2019.05.07"]
[Round "5"]
[White "Karstensen, Christian"]
[Black "Trane, Kim Juul"]
[Result "1-0"]
[WhiteElo "1960"]
[BlackElo "1653"]
[PlyCount "70"]
[EventDate "2019.03.26"]
[EventType "swiss"]
[EventRounds "7"]
[EventCountry "DEN"]
[SourceTitle "EXT 2020"]
[Source "ChessBase"]
[SourceDate "2019.10.17"]
[SourceVersion "1"]
[SourceVersionDate "2019.10.17"]
[SourceQuality "1"]

1. e4 e5 2. Nf3 Nc6 3. Bb5 d6 4. c3 Nf6 5. Qe2 Qe7 6. 0-0 Bd7 7. Re1 a6 8. Ba4 Na7 9. Bxd7+ Nxd7 10. d4 h6 11. Nbd2 g5 12. dxe5 dxe5 13. Nc4 f6 14. Ne3 Qf7 15. Nf5 Nc6 16. b4 Ne7 17. Bb2 Nxf5 18. exf5 Bd6 19. Qe4 Rb8 20. Red1 Nb6 21. Nd2 0-0 22. a3 Kh7 23. c4 c5 24. Rac1 Rfd8 25. h3 Kg7 26. Nb3 Qe7 27. bxc5 Bxc5 28. Nxc5 Rxd1+ 29. Rxd1 Qxc5 30. Qf3 Qxc4 31. Rd6 Na4 32. Rd7+ Kf8 33. Qh5 Qg8 34. Qxh6+ Ke8 35. Rg7 Qf8 1-0

[Event "Logumkloster-ch"]
[Site "Logumkloster"]
[Date "2018.05.01"]
[Round "4"]
[White "Karstensen, Christian"]
[Black "Christensen, Benny1111"]
[Result "1-0"]
[WhiteElo "1926"]
[BlackElo "1806"]
[PlyCount "67"]
[EventDate "2018.04.03"]
[EventType "swiss"]
[EventRounds "7"]
[EventCountry "DEN"]
[SourceTitle "EXT 2020"]
[Source "ChessBase"]
[SourceDate "2019.10.17"]
[SourceVersion "1"]
[SourceVersionDate "2019.10.17"]
[SourceQuality "1"]

1. e4 c5 2. Nf3 Nc6 3. d4 cxd4 4. Nxd4 e5 5. Nb5 d6 6. Be2 Nf6 7. N5c3 Be7 8. 0-0 0-0 9. Be3 a6 10. Nd2 b5 11. a4 b4 12. Nd5 Nxd5 13. exd5 Nb8 14. Nc4 Nd7 15. a5 Bb7 16. Ra4 Nf6 17. Nb6 Rb8 18. Rxb4 Nd7 19. Qd2 f5 20. Nxd7 Qxd7 21. f4 e4 22. c4 Bd8 23. Rb3 Qa4 24. Ra3 Qd7 25. b4 Rc8 26. Rd1 Rf6 27. c5 dxc5 28. bxc5 Be7 29. d6 Bf8 30. Rc3 Kh8 31. Bc4 Rh6 32. Rb3 Bxd6 33. cxd6 Rxc4 34. Rxb7 1-0

[Event "Logumkloster-ch"]
[Site "Logumkloster"]
[Date "2018.04.10"]
[Round "2"]
[White "Karstensen, Christian"]
[Black "Baagoe, Hans Chr"]
[Result "1-0"]
[WhiteElo "1926"]
[BlackElo "1671"]
[PlyCount "47"]
[EventDate "2018.04.03"]
[EventType "swiss"]
[EventRounds "7"]
[EventCountry "DEN"]
[SourceTitle "EXT 2020"]
[Source "ChessBase"]
[SourceDate "2019.10.17"]
[SourceVersion "1"]
[SourceVersionDate "2019.10.17"]
[SourceQuality "1"]

1. e4 c5 2. d4 cxd4 3. c3 dxc3 4. Nxc3 a6 5. Nf3 e6 6. Bc4 Bb4 7. Bd2 Nf6 8. Qe2 Nc6 9. 0-0 b5 10. Bb3 Bb7 11. e5 Bxc3 12. Bxc3 Ng4 13. Rad1 Qc7 14. Rfe1 0-0 15. Ng5 Nh6 16. Bc2 g6 17. Ne4 Rad8 18. Nf6+ Kh8 19. Qe3 Ng8 20. Qh3 Nxf6 21. exf6 d6 22. Qh6 Rg8 23. Re3 Nd4 24. Qxh7+ 1-0

[Event "Grenzturnering Master 1516"]
[Site "Denmark"]
[Date "2016.04.19"]
[Round "6"]
[White "Karstensen, Christian"]
[Black "Martens, Holger"]
[Result "1/2-1/2"]
[WhiteElo "1860"]
[BlackElo "1787"]
[PlyCount "62"]
[EventDate "2015.10.20"]
[EventType "tourn"]
[EventRounds "9"]
[EventCountry "DEN"]
[SourceTitle "EXT 2023"]
[Source "ChessBase"]
[SourceDate "2022.10.05"]
[SourceVersion "1"]
[SourceVersionDate "2022.10.05"]
[SourceQuality "1"]

1. e4 c5 2. Nf3 e6 3. Nc3 d5 4. d4 dxe4 5. Nxe4 cxd4 6. Nxd4 e5 7. Nb5 Qxd1+ 8. Kxd1 Na6 9. Bc4 Bg4+ 10. f3 0-0-0+ 11. Ke2 Bh5 12. Be3 f5 13. Be6+ Kb8 14. Bxf5 b6 15. Rhd1 Be7 16. Rxd8+ Bxd8 17. Rd1 Nf6 18. Nxf6 Bxf6 19. Rd7 Be8 20. g4 g6 21. Be6 Bxd7 22. Bxd7 Rd8 23. Be6 Nb4 24. c3 Nd5 25. Bxd5 Rxd5 26. c4 Rd7 27. Nc3 Bg7 28. b3 Kb7 29. a4 Bf8 30. Nd5 Bc5 31. Bd2 Kc6 1/2-1/2

[Event "DEN-ch G7-1"]
[Site "Svendborg"]
[Date "2016.03.28"]
[Round "7"]
[White "Kakulidis, Ellen"]
[Black "Karstensen, Christian"]
[Result "1/2-1/2"]
[WhiteElo "1843"]
[BlackElo "1968"]
[PlyCount "32"]
[EventDate "2016.03.22"]
[EventType "swiss"]
[EventRounds "7"]
[EventCountry "DEN"]
[SourceTitle "EXT 2023"]
[Source "ChessBase"]
[SourceDate "2022.10.05"]
[SourceVersion "1"]
[SourceVersionDate "2022.10.05"]
[SourceQuality "1"]

1. d4 d5 2. c4 e6 3. Nc3 Nf6 4. cxd5 exd5 5. Bg5 Be7 6. Qc2 c6 7. e3 0-0 8. Nf3 Nbd7 9. Bd3 h6 10. Bh4 Re8 11. 0-0 a6 12. Rab1 b5 13. h3 Bb7 14. Rfe1 c5 15. dxc5 Nxc5 16. Bf1 Nce4 1/2-1/2

[Event "DEN-ch G7-1"]
[Site "Svendborg"]
[Date "2016.03.27"]
[Round "6"]
[White "Vestby Ellingsen, Mads"]
[Black "Karstensen, Christian"]
[Result "1-0"]
[WhiteElo "1947"]
[BlackElo "1968"]
[PlyCount "105"]
[EventDate "2016.03.22"]
[EventType "swiss"]
[EventRounds "7"]
[EventCountry "DEN"]
[SourceTitle "EXT 2023"]
[Source "ChessBase"]
[SourceDate "2022.10.05"]
[SourceVersion "1"]
[SourceVersionDate "2022.10.05"]
[SourceQuality "1"]

1. e4 e6 2. b3 d5 3. Bb2 c5 4. Bb5+ Nc6 5. exd5 exd5 6. Qe2+ Qe7 7. Nc3 Nf6 8. 0-0-0 Qxe2 9. Ngxe2 Be6 10. Rhe1 Kd7 11. d4 a6 12. Bxc6+ bxc6 13. Na4 Rb8 14. dxc5 Ne4 15. Bd4 Be7 16. f3 Nf6 17. c3 Bd8 18. Be5 Rb7 19. Nd4 Re8 20. Nb2 Bc7 21. Nd3 a5 22. Bxc7 Kxc7 23. Ne5 Nd7 24. Nexc6 Nxc5 25. Nxa5 Rb6 26. b4 Ra6 27. Nb5+ Kb6 28. Nd6 Rb8 29. bxc5+ Kxa5 30. Kc2 Rc6 31. Rb1 Rxb1 32. Rxb1 Ka6 33. Kd2 Rxc5 34. Rb2 Rc6 35. Nb5 Bd7 36. Nd4 Rg6 37. Ke3 Rb6 38. Nb3 Ka7 39. Kd4 Be6 40. Re2 Kb8 41. Nc5 Kc7 42. a4 Kd6 43. Ra2 Bc8 44. Nd3 Ba6 45. Nb4 Bc4 46. Ra1 Rb7 47. a5 Ra7 48. a6 f6 49. Ra5 Ke6 50. Kc5 Ra8 51. a7 Bf1 52. Nxd5 Kf7 53. Nb6 1-0

[Event "Grenzturnering Master 1516"]
[Site "Denmark"]
[Date "2015.10.20"]
[Round "1"]
[White "Gutschenreiter, Donato"]
[Black "Karstensen, Christian"]
[Result "0-1"]
[WhiteElo "1603"]
[BlackElo "1860"]
[PlyCount "68"]
[EventDate "2015.10.20"]
[EventType "tourn"]
[EventRounds "9"]
[EventCountry "DEN"]
[SourceTitle "EXT 2023"]
[Source "ChessBase"]
[SourceDate "2022.10.05"]
[SourceVersion "1"]
[SourceVersionDate "2022.10.05"]
[SourceQuality "1"]

1. e4 e6 2. d3 d5 3. Nd2 c5 4. Ngf3 Nc6 5. g3 g6 6. Bg2 Bg7 7. 0-0 Nge7 8. Re1 0-0 9. c3 d4 10. cxd4 cxd4 11. a3 e5 12. b4 a6 13. Qe2 h6 14. Nf1 Be6 15. h4 Qd7 16. N1h2 Rac8 17. Bd2 f5 18. Bh3 fxe4 19. Bxe6+ Qxe6 20. Qxe4 Qf7 21. Rf1 Nf5 22. Kg2 Nd6 23. Qe2 Rce8 24. Rae1 e4 25. dxe4 Nxe4 26. Qd3 Qd5 27. Bf4 g5 28. hxg5 hxg5 29. Bd2 Nxd2 30. Qxd2 g4 31. Qg5 gxf3+ 32. Nxf3 Qxf3+ 33. Kg1 Rxe1 34. Rxe1 Qxf2+ 0-1

[Event "Schleswig Holstein-ch Seniors"]
[Site "Leck"]
[Date "2014.04.14"]
[Round "4"]
[White "Karstensen, Christian"]
[Black "Gutschenreiter, Dorian"]
[Result "1-0"]
[WhiteElo "1966"]
[BlackElo "1811"]
[PlyCount "53"]
[EventDate "2014.04.12"]
[EventType "swiss"]
[EventRounds "9"]
[EventCountry "GER"]
[SourceTitle "EXT 2018"]
[Source "ChessBase"]
[SourceDate "2017.10.13"]
[SourceVersion "1"]
[SourceVersionDate "2017.10.13"]
[SourceQuality "1"]

1. e4 g6 2. d4 Bg7 3. Be3 d6 4. Qd2 Nd7 5. c4 e5 6. Nc3 f5 7. exf5 gxf5 8. Bg5 Ngf6 9. 0-0-0 0-0 10. Nf3 Qe8 11. dxe5 dxe5 12. Nb5 Ne4 13. Qd5+ Qf7 14. Nxc7 Nxf2 15. Nxa8 Nxh1 16. Qxf7+ Rxf7 17. Be3 b6 18. c5 bxc5 19. Bc4 f4 20. Rxh1 fxe3 21. Ng5 Bb7 22. Nxf7 Bxg2 23. Rg1 e2 24. Nxe5+ Kh8 25. Nxd7 Bh6+ 26. Kc2 Be4+ 27. Kb3 1-0

[Event "Schleswig Holstein-ch Seniors"]
[Site "Leck"]
[Date "2014.??.??"]
[Round "6"]
[White "Karstensen, Christian"]
[Black "Lehr, Thomas"]
[Result "1/2-1/2"]
[WhiteElo "1966"]
[BlackElo "1965"]
[PlyCount "91"]
[EventDate "2014.04.12"]
[EventType "swiss"]
[EventRounds "9"]
[EventCountry "GER"]
[SourceTitle "EXT 2018"]
[Source "ChessBase"]
[SourceDate "2017.10.13"]
[SourceVersion "1"]
[SourceVersionDate "2017.10.13"]
[SourceQuality "1"]

1. e4 Nf6 2. d3 d5 3. e5 Nfd7 4. d4 e6 5. c4 dxc4 6. Bxc4 Nb6 7. Bd3 c5 8. Nf3 Nc6 9. 0-0 Nxd4 10. Ng5 Be7 11. Qh5 g6 12. Qh6 Bf8 13. Qh3 Be7 14. Qg4 h5 15. Qf4 Nf5 16. Bb5+ Kf8 17. Nc3 Nd5 18. Nxd5 Qxd5 19. Be3 b6 20. Rfd1 Qb7 21. Be2 Qc7 22. Rd2 Bb7 23. f3 Bc6 24. Rad1 h4 25. Bc4 Bxg5 26. Qxg5 Qe7 27. Bd3 Nxe3 28. Qxe3 Kg7 29. Be4 Bxe4 30. Qxe4 Rad8 31. Rd6 Rxd6 32. exd6 Qd7 33. b4 cxb4 34. Qxb4 Rh5 35. Qd4+ Kg8 36. Qe4 h3 37. gxh3 Ra5 38. Rd2 Rc5 39. h4 Kg7 40. Kg2 f6 41. h3 b5 42. f4 Rc4 43. Qf3 Rc6 44. Qd3 Rc4 45. Qf3 Rc6 46. Qd3 1/2-1/2

[Event "Vojens Sonderjysk"]
[Site "Vojens"]
[Date "2011.05.09"]
[Round "2"]
[White "Karstensen, Christian"]
[Black "Nielsen, Finn"]
[Result "1-0"]
[WhiteElo "1895"]
[BlackElo "1891"]
[PlyCount "95"]
[EventDate "2011.05.02"]
[EventType "tourn"]
[EventRounds "7"]
[EventCountry "DEN"]
[SourceTitle "EXT 2018"]
[Source "ChessBase"]
[SourceDate "2017.10.13"]
[SourceVersion "1"]
[SourceVersionDate "2017.10.13"]
[SourceQuality "1"]

1. e4 e6 2. d4 d5 3. Nc3 Bb4 4. e5 c5 5. Bd2 a6 6. a3 Bxc3 7. Bxc3 cxd4 8. Bxd4 Nc6 9. f4 Nge7 10. Nf3 Qc7 11. c3 Bd7 12. Bd3 Nxd4 13. Nxd4 Nc6 14. Bc2 0-0-0 15. 0-0 f6 16. exf6 gxf6 17. b4 e5 18. Nb3 Rhg8 19. Kh1 Bg4 20. Qd2 h5 21. h3 Be6 22. Nc5 Bf7 23. Bf5+ Kb8 24. Ne6 Bxe6 25. Bxe6 Rg3 26. Bxd5 e4 27. Qf2 Rxc3 28. Bxe4 Nd4 29. a4 f5 30. Bb1 Nb3 31. Ra2 Rc1 32. Bxf5 Rdd1 33. Rxd1 Rxd1+ 34. Kh2 Nd4 35. Bc2 Nxc2 36. Rxc2 Qd6 37. b5 a5 38. h4 Rd4 39. g3 Rxa4 40. Qc5 Qxc5 41. Rxc5 b6 42. Rxh5 Rd4 43. Re5 a4 44. f5 Rd2+ 45. Kh3 a3 46. Re3 a2 47. Ra3 Kc7 48. h5 1-0

[Event "Logumkloster-ch Basis 1"]
[Site "Logumkloster"]
[Date "2010.05.04"]
[Round "4"]
[White "Jakobsen, Vagn Lynge"]
[Black "Karstensen, Christian"]
[Result "0-1"]
[WhiteElo "1882"]
[BlackElo "1896"]
[PlyCount "100"]
[EventDate "2010.04.13"]
[EventType "tourn"]
[EventRounds "5"]
[EventCountry "DEN"]
[SourceTitle "EXT 2023"]
[Source "ChessBase"]
[SourceDate "2022.10.05"]
[SourceVersion "1"]
[SourceVersionDate "2022.10.05"]
[SourceQuality "1"]

1. e4 c5 2. Nf3 d6 3. d4 cxd4 4. Nxd4 Nf6 5. Nc3 a6 6. Bg5 e6 7. f4 Be7 8. Qf3 Nbd7 9. 0-0-0 Qc7 10. Bd3 b5 11. Rhe1 Bb7 12. Nd5 Nxd5 13. exd5 Bxg5 14. fxg5 Ne5 15. Qh3 Bxd5 16. g6 0-0-0 17. gxf7 Qxf7 18. Kb1 Kb8 19. Be4 Bxe4 20. Rxe4 Rde8 21. Qb3 Qb7 22. Re2 Nc4 23. a4 e5 24. axb5 Na5 25. Qb4 exd4 26. Rxe8+ Rxe8 27. Qxa5 Qxb5 28. Qxb5+ axb5 29. Rd2 Kc7 30. Ka2 Kc6 31. Kb3 Kc5 32. Rf2 Re3+ 33. c3 b4 34. Rf7 dxc3 35. Rxg7 cxb2+ 36. Kxb2 d5 37. Kc2 h5 38. Kd2 Ra3 39. Ke2 b3 40. Kd3 b2+ 41. Kc2 Rb3 42. Kb1 h4 43. Rh7 Rb4 44. Rc7+ Kd4 45. Rc2 Ke3 46. g3 hxg3 47. hxg3 d4 48. Rg2 d3 49. g4 d2 50. Rg3+ Kf2 0-1

[Event "Logumkloster-ch Basis 1"]
[Site "Logumkloster"]
[Date "2010.04.20"]
[Round "2"]
[White "Karstensen, Christian"]
[Black "Baagoe, Hans Chr"]
[Result "1-0"]
[WhiteElo "1896"]
[BlackElo "1653"]
[PlyCount "49"]
[EventDate "2010.04.13"]
[EventType "tourn"]
[EventRounds "5"]
[EventCountry "DEN"]
[SourceTitle "EXT 2023"]
[Source "ChessBase"]
[SourceDate "2022.10.05"]
[SourceVersion "1"]
[SourceVersionDate "2022.10.05"]
[SourceQuality "1"]

1. e4 c5 2. Nf3 Nc6 3. d4 cxd4 4. Nxd4 e5 5. Nf3 h6 6. Nc3 Nf6 7. a3 a6 8. Bc4 Bc5 9. Qe2 d6 10. h3 Be6 11. g4 Nd4 12. Nxd4 Bxc4 13. Qxc4 exd4 14. Nd5 b5 15. Qe2 0-0 16. Nxf6+ Qxf6 17. Bd2 Rfe8 18. 0-0-0 Bxa3 19. Qd3 Bc5 20. g5 hxg5 21. Rdg1 Qe5 22. Rg4 Re6 23. f3 Rg6 24. h4 gxh4 25. Rgxh4 1-0

[Event "Logumkloster-chA"]
[Site "Logumkloster"]
[Date "2009.04.28"]
[Round "2"]
[White "Karstensen, Christian"]
[Black "Jakobsen, Vagn Lynge"]
[Result "1-0"]
[WhiteElo "1857"]
[BlackElo "1891"]
[PlyCount "83"]
[EventDate "2009.04.21"]
[EventType "tourn"]
[EventRounds "5"]
[EventCountry "DEN"]
[SourceTitle "EXT 2023"]
[Source "ChessBase"]
[SourceDate "2022.10.05"]
[SourceVersion "1"]
[SourceVersionDate "2022.10.05"]
[SourceQuality "1"]

1. e4 e5 2. Nf3 Nc6 3. Bb5 Nf6 4. 0-0 Nxe4 5. d4 exd4 6. Re1 d5 7. Qxd4 Be6 8. Nbd2 Nd6 9. Qxd5 Nxb5 10. Qxb5 Qd7 11. c3 Be7 12. Nb3 0-0 13. Bf4 a6 14. Qe2 Rad8 15. Nbd4 Bc5 16. Bg5 Rde8 17. Qd2 Bd5 18. b3 Bxd4 19. Nxd4 Ne5 20. f3 c5 21. Ne2 Qc6 22. Bf4 Ng6 23. Bg3 Rd8 24. Rad1 Rd7 25. Qc2 Qf6 26. c4 Bc6 27. Rxd7 Bxd7 28. Nc3 Bf5 29. Qd2 Rd8 30. Nd5 Qd4+ 31. Qxd4 cxd4 32. Kf2 b5 33. Ke2 Be6 34. Nc7 bxc4 35. Nxe6 fxe6 36. bxc4 e5 37. Kd3 Kf7 38. Bxe5 Re8 39. Bg3 Nf4+ 40. Kxd4 Rd8+ 41. Kc3 Nxg2 42. Re2 1-0